书目信息 |
| 题名: |
实用统计方法与SAS系统
|
|
| 作者: | 高惠璇 编著 | |
| 分册: | ||
| 出版信息: | 北京 北京大学出版社 2002.9 |
|
| 页数: | 406页 | |
| 开本: | 20cm | |
| 丛书名: | ||
| 单 册: | ||
| 中图分类: | C819 | |
| 科图分类: | ||
| 主题词: | 统计分析--tong ji fen xi--应用软件, SAS | |
| 电子资源: | ||
| ISBN: | 7-301-04582-4 | |
| 000 | 00777nam0 2200253 450 | |
| 001 | CAL 012001431806 | |
| 005 | 20050914172308.09 | |
| 010 | @a7-301-04582-4@dCNY 18.00 | |
| 099 | @aCAL 012001431806 | |
| 100 | @a20011123d2001 em y0chiy0121 ea | |
| 101 | 0 | @achi |
| 102 | @aCN@b110000 | |
| 105 | @aak ao 000yy | |
| 200 | 1 | @a实用统计方法与SAS系统@Ashi yong tong ji fang fa yu sas xi tong@f高惠璇编著 |
| 210 | @a北京@c北京大学出版社@d2002.9 | |
| 215 | @a406页@c图@d20cm | |
| 320 | @a有书目(第406页) | |
| 517 | 1 | @a统计方法与SAS系统@Atong ji fang fa yu sas xi tong |
| 606 | 0 | @a统计分析@Atong ji fen xi@x应用软件, SAS |
| 690 | @aC819@v4 | |
| 701 | 0 | @a高惠璇@Agao hui xuan@4编著 |
| 801 | 0 | @aCN@bCAU@c20050914 |
| 905 | @a10447@dC819@eG130 | |
| 906 | @dCNY18.00@n0@r1 | |
| 实用统计方法与SAS系统/高惠璇编著.-北京:北京大学出版社,2002.9 |
| 406页:图;20cm |
| ISBN 7-301-04582-4:CNY 18.00 |
| ● |
| 相关链接 |
|
|
|
正题名:实用统计方法与SAS系统
索取号:C819/G130
 
预约/预借
| 序号 | 登录号 | 条形码 | 馆藏地/架位号 | 状态 | 备注 |
| 1 | 551831 | 205518313 | 社科库509/509社科库 55排7列5层/ [索取号:C819/G130] | 在馆 | |
| 2 | 551832 | 205518322 | 社科库509/509社科库 55排7列5层/ [索取号:C819/G130] | 在馆 |